000
00271nam a22000977a 4500
008
140120b xxu||||| |||| 00| 0 eng d
010
_a
99-056352
020
_a
0471317799
_c
Available
082
_a
621.382SIM
_b
002582
245
_a
Digital Communication Over Fading Channels
_c
Simon
999
_c
23790
_d
23790